| 000 | 00862cam a2200313 i 4500 | ||
|---|---|---|---|
| 001 | 0000840 | ||
| 003 | DO-SdBNP | ||
| 005 | 20180216103908.0 | ||
| 007 | 0000840 | ||
| 008 | 100514s 1995 xxu a | |||| 000 f spa | ||
| 015 | _a | ||
| 017 |
_a _b |
||
| 020 | _a1574710346 | ||
| 035 | _a | ||
| 040 |
_aBPMSU _bspa _cBPMSU _e |
||
| 080 | _a | ||
| 100 | 1 | _aLanczak Williams, Rozanne | |
| 245 | 0 | 0 |
_aBotones botones / _h _cRozanne Lanczak Williams ; fotografías Keith Bergher |
| 260 |
_aEstados Unidos : _bCreative teaching press, _c1995. |
||
| 300 |
_a[8] p.: _bil. _c16 cm. |
||
| 490 | 1 | _aDéjame leer | |
| 490 | 1 | _aLearn to read, read to learn | |
| 700 | 1 |
_aBergher, Keith _efot. |
|
| 830 | 0 | _aDéjame leer | |
| 830 | 0 | _aLearn to read, read to learn | |
| 942 |
_2ddc _cBK |
||
| 945 | _ainventariado, 2018 / dg | ||
| 956 |
_aYLOCKWARD _810 _cBPMSU |
||
| 999 |
_c12176 _d12176 |
||